<?xml version="1.0" encoding="UTF-8"?>
<record
    xmlns:xsi="http://www.w3.org/2001/XMLSchema-instance"
    xsi:schemaLocation="http://www.loc.gov/MARC21/slim http://www.loc.gov/standards/marcxml/schema/MARC21slim.xsd"
    xmlns="http://www.loc.gov/MARC21/slim">

  <leader>01387njm a22002657a 4500</leader>
  <controlfield tag="005">20100904145821.0</controlfield>
  <controlfield tag="006">a|||||r|||||00| 0 </controlfield>
  <controlfield tag="007">sd ammalaaahaa</controlfield>
  <controlfield tag="008">100901t        xxu||||| |||| 00| 0 eng d</controlfield>
  <datafield tag="028" ind1=" " ind2=" ">
    <subfield code="a">N -52929</subfield>
    <subfield code="b">His Master 's Voice</subfield>
  </datafield>
  <datafield tag="035" ind1=" " ind2=" ">
    <subfield code="a">GR-583</subfield>
  </datafield>
  <datafield tag="040" ind1=" " ind2=" ">
    <subfield code="a">SED</subfield>
    <subfield code="c">SED</subfield>
  </datafield>
  <datafield tag="100" ind1=" " ind2=" ">
    <subfield code="a">Mangeshker, Lata</subfield>
    <subfield code="9">17816</subfield>
  </datafield>
  <datafield tag="245" ind1=" " ind2=" ">
    <subfield code="a">Kali Topi Lal Rumal /</subfield>
    <subfield code="c">by Lata Mangeshker,[and] Mohd Rafi</subfield>
    <subfield code="h">[Gramophone Recoding] : </subfield>
  </datafield>
  <datafield tag="246" ind1=" " ind2=" ">
    <subfield code="a">&#x932;&#x93E;&#x917;&#x940; &#x91B;&#x941;&#x91F;&#x947; &#x928; ( &#x915;&#x93E;&#x932;&#x940;  &#x91F;&#x94B;&#x92A;&#x940;  &#x932;&#x93E;&#x932;  &#x930;&#x941;&#x92E;&#x93E;&#x932; )(&#x932;&#x924;&#x93E;  &#x92E;&#x902;&#x917;&#x947;&#x936;&#x915;&#x930;) ,Lagi Chute Na (Kali Topi Lal Rumal )(Lata Mangeshker),)</subfield>
  </datafield>
  <datafield tag="260" ind1=" " ind2=" ">
    <subfield code="a">Dum Dum, India:</subfield>
    <subfield code="b">His Master 's Voice</subfield>
  </datafield>
  <datafield tag="300" ind1=" " ind2=" ">
    <subfield code="a">1 sound Disc [GramaphoneRecording] :</subfield>
    <subfield code="b">analog, 33 1/3 rpm ;</subfield>
    <subfield code="c">9.5 in (MP)</subfield>
    <subfield code="f">Gramaphone Records</subfield>
  </datafield>
  <datafield tag="500" ind1=" " ind2=" ">
    <subfield code="a">Brief Record</subfield>
  </datafield>
  <datafield tag="505" ind1=" " ind2=" ">
    <subfield code="a">&#x932;&#x93E;&#x917;&#x940; &#x91B;&#x941;&#x91F;&#x947; &#x928; ( &#x915;&#x93E;&#x932;&#x940;  &#x91F;&#x94B;&#x92A;&#x940;  &#x932;&#x93E;&#x932;  &#x930;&#x941;&#x92E;&#x93E;&#x932; )(&#x932;&#x924;&#x93E;  &#x92E;&#x902;&#x917;&#x947;&#x936;&#x915;&#x930;) ,Lagi Chute Na (Kali Topi Lal Rumal )(Lata Mangeshker) &#x936;&#x94D;&#x930;&#x93F;&#x926;&#x947;&#x968; &#x926;&#x940;&#x935;&#x928;&#x93E;  &#x906;&#x926;&#x92E;&#x940;  &#x915;&#x94B;  &#x92C;&#x928;&#x93E;&#x924;&#x940; (&#x92E;&#x94B;&#x939;&#x926; &#x930;&#x92B;&#x93C;&#x940;) Side2 Deevna admi ko banati  (Mohd Rafi)</subfield>
  </datafield>
  <datafield tag="650" ind1=" " ind2=" ">
    <subfield code="a">Motion Picture Music</subfield>
    <subfield code="x">Excerpts</subfield>
    <subfield code="z">India</subfield>
    <subfield code="9">17817</subfield>
  </datafield>
  <datafield tag="700" ind1=" " ind2=" ">
    <subfield code="9">17836</subfield>
    <subfield code="a">Modh Rafi</subfield>
  </datafield>
  <datafield tag="700" ind1=" " ind2=" ">
    <subfield code="a">Chitragupta</subfield>
    <subfield code="9">18407</subfield>
  </datafield>
  <datafield tag="942" ind1=" " ind2=" ">
    <subfield code="2">ddc</subfield>
    <subfield code="c">GR</subfield>
  </datafield>
  <datafield tag="999" ind1=" " ind2=" ">
    <subfield code="c">43814</subfield>
    <subfield code="d">43814</subfield>
  </datafield>
  <datafield tag="952" ind1=" " ind2=" ">
    <subfield code="0">0</subfield>
    <subfield code="1">0</subfield>
    <subfield code="2">ddc</subfield>
    <subfield code="4">0</subfield>
    <subfield code="7">1</subfield>
    <subfield code="a">L</subfield>
    <subfield code="b">L</subfield>
    <subfield code="d">2010-09-04</subfield>
    <subfield code="e">SED/VEN</subfield>
    <subfield code="l">0</subfield>
    <subfield code="p">GR-583</subfield>
    <subfield code="r">2010-09-04 00:00:00</subfield>
    <subfield code="t">1</subfield>
    <subfield code="w">2010-09-04</subfield>
    <subfield code="y">GR</subfield>
  </datafield>
</record>
